The ruins of Zimbabwe (Record no. 121466)
[ view plain ]
| 000 -LEADER | |
|---|---|
| fixed length control field | 00929cam a2200277 i 4500 |
| 001 - CONTROL NUMBER | |
| control field | 1288083 |
| 003 - CONTROL NUMBER IDENTIFIER | |
| control field | ARRUPE |
| 005 - DATE AND TIME OF LATEST TRANSACTION | |
| control field | 20141219160844.0 |
| 008 - FIXED-LENGTH DATA ELEMENTS--GENERAL INFORMATION | |
| fixed length control field | 790125s1974 za a b 000 0 eng |
| 010 ## - LIBRARY OF CONGRESS CONTROL NUMBER | |
| LC control number | 75980024 |
| 040 ## - CATALOGING SOURCE | |
| Original cataloging agency | DLC |
| Transcribing agency | DLC |
| Modifying agency | DLC |
| 043 ## - GEOGRAPHIC AREA CODE | |
| Geographic area code | f-rh--- |
| 050 00 - LIBRARY OF CONGRESS CALL NUMBER | |
| Classification number | SPC DT965. Z5 |
| Item number | G233 |
| 300 ## - PHYSICAL DESCRIPTION | |
| Other physical details | ill. ; |
| Dimensions | 22 cm. |
| 100 1# - MAIN ENTRY--PERSONAL NAME | |
| Personal name | Garlake, Peter S. |
| 9 (RLIN) | 10048 |
| 245 14 - TITLE STATEMENT | |
| Title | The ruins of Zimbabwe |
| Statement of responsibility, etc | P. S. Garlake. |
| 260 ## - PUBLICATION, DISTRIBUTION, ETC. (IMPRINT) | |
| Place of publication, distribution, etc | Lusaka |
| Name of publisher, distributor, etc | National Educational Co. of Zambia, |
| Date of publication, distribution, etc | 1974. |
| 300 ## - PHYSICAL DESCRIPTION | |
| Extent | 46 p. : |
| 440 ## - SERIES STATEMENT/ADDED ENTRY--TITLE | |
| Title | Historical Association of Zambia |
| Number of part/section of a work | 4 |
| 9 (RLIN) | 13490 |
| 500 ## - GENERAL NOTE | |
| General note | "Historical Association of Zambia, HAZ 4." |
| 500 ## - GENERAL NOTE | |
| General note | A synopsis of the author's Great Zimbabwe, published in 1973. |
| 504 ## - BIBLIOGRAPHY, ETC. NOTE | |
| Bibliography, etc | Includes bibliographical references. |
| 651 #0 - SUBJECT ADDED ENTRY--GEOGRAPHIC NAME | |
| Geographic name | Great Zimbabwe (Extinct city) |
| 9 (RLIN) | 8040 |
| 651 #0 - SUBJECT ADDED ENTRY--GEOGRAPHIC NAME | |
| Geographic name | Zimbabwe |
| General subdivision | Antiquities. |
| 9 (RLIN) | 9546 |
| 906 ## - LOCAL DATA ELEMENT F, LDF (RLIN) | |
| a | 7 |
| b | cbc |
| c | orignew |
| d | 4 |
| e | ncip |
| f | 19 |
| g | y-gencatlg |
| 942 ## - ADDED ENTRY ELEMENTS (KOHA) | |
| Source of classification or shelving scheme | Library of Congress Classification |
| Koha item type | SPC |
| Withdrawn status | Lost status | Source of classification or shelving scheme | Damaged status | Not for loan | Collection code | Home library | Current library | Shelving location | Date acquired | Total Checkouts | Full call number | Barcode | Date last seen | Price effective from | Koha item type |
|---|---|---|---|---|---|---|---|---|---|---|---|---|---|---|---|
| Library of Congress Classification | SPECIAL Collection | ARRUPE LIBRARY | ARRUPE LIBRARY | Main Collection | 10/12/2014 | SPC DT965.Z5 G233 | 46500003466 | 10/12/2014 | 10/12/2014 | SPC |